000 00641nam a2200205Ia 4500
003 GCL
008 140319s9999 xx 000 0 ara d
020 _a9000711055
040 _aGCL /
_cGCL
082 0 4 _aط
_b813
_bن ر
100 1 _aنوسوف, نيقولاى
245 1 0 _aرحلة الى مدينة الطائرات الورقية /
_cنوسوف, نيقولاى
260 _aروسيا :
_bدار رادوغا ،
_c1990
300 _a13 ص:
_bايض ؛
_c27 سم
490 _aحكايات الجاهل
_v17
650 0 4 _aالاطفال
650 0 4 _aقصص الاطفال
650 0 4 _aادب الاطفال
942 _2ddc
_cBK
999 _c10034
_d10034